| 000 | 02408cam a22004334i 4500 | ||
|---|---|---|---|
| 003 | PE-LiUPU | ||
| 005 | 20250731184116.0 | ||
| 008 | 150706s r 000 0 d | ||
| 035 | _a(Sirsi) a50247 | ||
| 040 |
_aPE-LiUPU _bspa _cPE-LiUPU _erda |
||
| 049 | _aPRUA | ||
| 082 | 0 | 4 |
_a808.81 _bV42 _221 |
| 100 | 1 |
_aVeloso, Mario, _eautor. |
|
| 245 | 1 | 0 |
_aJamás y para siempre / _cMario Veloso. |
| 264 | 1 |
_aLima : _bEdiciones Universidad Peruana Unión, _c2011. |
|
| 300 |
_a103 páginas ; _c24 cm. |
||
| 336 |
_atext _2rdacontent |
||
| 337 |
_aunmediated _2rdamedia |
||
| 338 |
_avolume _2rdacarrier |
||
| 505 | 0 | _aTal vez el tiempo -- Instante -- De tiempo yo no soy -- ¿Qué soy? -- Antes -- El tiempo que yo espero -- Insistencia -- Un simple suceder -- Recién llegado -- Sin embargo -- Quizá -- Y si me olvidas -- Desde -- Hacia -- Después -- Instantáneo -- Permanencia -- Efímero -- Constantemente -- Tiempo de la lluvia -- Tiempo de cumpleaños -- Ansia -- Mister Chairman -- Tiempo viajero -- Sin el tiempo -- Tierra temporal -- El tiempo de mi piel -- El tiempo que se ha ido -- El espejo -- Hiroshima -- Tiempo del retorno -- Un sueño simulado -- Sin cesar -- Tiempo de la muerte -- El tiempo eterno. | |
| 526 | _aP145 | ||
| 526 | _aP127 | ||
| 526 | _aP97 | ||
| 526 | _aP14 | ||
| 526 | _aP07 | ||
| 650 | 0 | 4 | _aPoesia cristiana. |
| 700 | 1 |
_aJaimes Zubieta, Dónald, _eed. |
|
| 700 | 1 |
_aEduardo Zavaleta, Carlos, _eprol. |
|
| 910 | _agl20111010 | ||
| 942 |
_2ddc _cBOOK |
||
| 949 |
_a808.81 V42 _wDEWEY _c1 _i63771 _lCCODEBUL1 _mBUL _p10.00 _r0 _sY _tLIBRO _u2015-07-06 _xBIBLIOTECA _zUNKNOWN _o.STAFF. Colección General |
||
| 949 |
_a808.81 V42 _wDEWEY _c2 _i63770 _lCCODEBUL1 _mBUL _p10.00 _r0 _sY _tLIBRO _u2015-07-06 _xBIBLIOTECA _zUNKNOWN _o.STAFF. Colección General |
||
| 994 |
_aC0 _bPEPRU |
||
| 596 | _a1 | ||
| 999 |
_a808.81 V42 _wDEWEY _c52664 _i63771 _d52664 _e2017-2-5 _f2021-11-9 _g5 _lCCODEBUL1 _mBUL _n2 _p10.00 _r0 _sY _tBOOK _u2015-7-6 _xEDUCACION _zUNKNOWN _0COMPRA _o.STAFF. Colección General |
||
| 999 |
_a808.81 V42 _wDEWEY _c2 _i63770 _d2016-5-19 _e2016-5-17 _f2021-11-9 _g5 _lCCODEBUL1 _mBUL _n2 _p10.00 _r0 _sY _tBOOK _u2015-7-6 _xEDUCACION _zUNKNOWN _0COMPRA _o.STAFF. Colección General |
||
| 980 |
_81 _gALBERTO SANCHEZ Responsable de Automatización |
||